000 00579nam a2200181 i 4500
001 88707
003 ES-MaACL
005 20250922162632.0
007 t|
008 050105s1967 sp ||||1| spa d
100 1 _aLarra, Mariano José de,
_d1809-1837
_970287
245 1 0 _aEn este país y otros artículos /
_cMariano José de Larra ; edición y prólogo de Jorge Campos.
260 _aMadrid :
_bAlianza,
_c[1967]
300 _a324 p. ;
_c18 cm.
700 1 _aCampos, Jorge,
_d1916-1983
_934244
852 _aES-MaACL
_jC-32664
_bR.63207
999 _c88707
_d88707